Statistics for Top Five Biggest Cities In Asia

Click here to take the quiz!

General Stats

  • This quiz has been taken 28 times
  • The average score is 83 of 240

Answer Stats

Hint Answer % Correct
JapanTokyo
100%
NepalKathmandu
96%
BangladeshDhaka
96%
TaiwanTaipei
96%
IsraelJerusalem
96%
IndonesiaJakarta
96%
PakistanKarachi
96%
MalaysiaKuala Lumpur
96%
JordanAmman
96%
JapanOsaka
96%
IsraelTel Aviv
96%
AfghanistanKabul
96%
PhilippinesManila
96%
IndiaDelhi
96%
SingaporeSingapore
96%
SingaporeSingapore
96%
SingaporeSingapore
96%
SingaporeSingapore
96%
South KoreaSeoul
96%
SyriaDamascus
96%
Saudi ArabiaRiyadh
96%
Cyprus Nicosia
96%
SingaporeSingapore
96%
IraqBaghdad
92%
ChinaShanghai
92%
IndiaMumbai
92%
IranTehran
92%
ChinaBeijing
92%
YemenSana'a
92%
ThailandBangkok
92%
VietnamHo Chí Minh City
92%
QatarDoha
92%
TurkeyIstanbul
92%
MongoliaUlaanbaatar
92%
TurkeyAnkara
92%
Saudi ArabiaMecca
88%
Saudi ArabiaMedina
88%
Sri LankaColombo
88%
United Arab EmiratesDubai
88%
GeorgiaTbilisi
88%
OmanMuscat
88%
UzbekistanTashkent
88%
KazakhstanAstana
88%
North KoreaPyongyang
88%
LebanonBeirut
88%
PakistanLahore
88%
United Arab EmiratesAbu Dhabi
88%
VietnamHa Noi
88%
ChinaGuangzhou
88%
AzerbaijanBaku
88%
SyriaAleppo
85%
IndiaBangalore
85%
South KoreaBusan
85%
MaldivesMalé
85%
KazakhstanAlmaty
81%
JapanSapporo
81%
TurkeyIzmir
81%
MyanmarYangon
81%
ArmeniaYerevan
81%
CambodiaPhnom Penh
77%
JapanNagoya
77%
IndiaHyderabad
77%
BahrainManama
77%
Saudi ArabiaJeddah
73%
IndiaAhmedabad
73%
TajikistanDushanbe
73%
IraqMosul
69%
KyrgyzstanBishkek
69%
BhutanThimphu
69%
East TimorDili
69%
BangladeshChittagong
65%
TurkmenistanAshgabat
65%
LaosVientiane
65%
PhilippinesQuezon City
62%
MyanmarNaypyidaw
62%
IsraelHaifa
62%
South KoreaIncheon
58%
BruneiBandar Seri Begawan
58%
IndonesiaSurabaya
58%
IraqBasra
54%
ChinaChongqing
50%
MyanmarMandalay
50%
TurkeyBursa
46%
IndonesiaBandung
46%
JapanKobe
42%
PakistanFaisalabad
42%
AfghanistanKandahar
42%
IranMashhad
38%
South KoreaDaegu
38%
IranShiraz
38%
IranIsfahan
38%
ChinaHangzhou
38%
Cyprus Limassol
35%
YemenAden
35%
IndonesiaMedan
35%
MalaysiaGeorge Town
31%
TurkeyAdana
31%
PakistanRawalpindi
31%
Cyprus Larnaca
31%
TaiwanNew Taipei
27%
PhilippinesCebu City
27%
SyriaHoms
23%
IraqErbil
23%
CambodiaSiem Reap
23%
AfghanistanHerat
23%
LebanonTripoli
23%
TaiwanTaichung
23%
SyriaHama
19%
GeorgiaBatumi
19%
TaiwanKaohsiung
19%
North KoreaHamhung
15%
VietnamHai Phong
15%
NepalPokhara
15%
United Arab EmiratesSharjah
15%
AzerbaijanGanja
15%
United Arab EmiratesAjman
15%
YemenTaiz
12%
Cyprus Famagusta
12%
TaiwanTaoyuan
12%
AfghanistanJalalabad
12%
KyrgyzstanJalal-Abad
12%
LebanonSidon
12%
AzerbaijanLankaran
12%
GeorgiaKutaisi
12%
SyriaLatakia
12%
JordanZarqa
12%
JordanIrbid
12%
MongoliaErdenet
12%
ArmeniaGyumri
12%
TajikistanKulob
8%
AzerbaijanSumqayit
8%
East TimorSuai
8%
QatarAl Wakrah
8%
PhilippinesDavao City
8%
North KoreaWonsan
8%
TajikistanKhujand
8%
QatarAl Rayyan
8%
MalaysiaIpoh
8%
TurkmenistanTurkmenabat
8%
ArmeniaVanadzor
8%
KuwaitSalmiya
8%
South KoreaDaejeon
8%
GeorgiaGori
8%
AfghanistanMazar-i-Sharif
8%
LaosLuang Prabang
8%
MaldivesFuvahmulah
8%
MongoliaDarkhan
8%
KazakhstanKaraganda
4%
KazakhstanShymkent
4%
BahrainA'ali
4%
KuwaitHawally
4%
TurkmenistanBalkanabat
4%
TajikistanIstaravshan
4%
QatarAl Khor
4%
Sri LankaNegombo
4%
ArmeniaVagharshapat
4%
CambodiaBattambang
4%
UzbekistanNukus
4%
BruneiSeria
4%
United Arab EmiratesAl Ain
4%
BruneiKuala Belait
4%
TurkmenistanMary
4%
BahrainRiffa
4%
BangladeshSylhet
4%
BangladeshKhulna
4%
North KoreaNampo
4%
UzbekistanAndijan
4%
BahrainMuharraq
4%
OmanSalalah
4%
BhutanPhuntsholing
4%
GeorgiaRustavi
4%
PakistanGujranwala
4%
MongoliaMörön
4%
East TimorLiquiçá
4%
BhutanParo
4%
BahrainHamad Town
4%
ThailandNonthaburi City
0%
Sri LankaTrincomalee
0%
YemenAl Hudaydah
0%
VietnamBien Hoa
0%
VietnamCan Tho
0%
UzbekistanNamangan
0%
TurkmenistanDasoguz
0%
ThailandChaopharaya Surasak City
0%
TajikistanQurghonteppa
0%
UzbekistanSamarkant
0%
ThailandPak Kret City
0%
ThailandHat Yai City
0%
YemenMukalla
0%
LebanonAley
0%
IsraelPetah Tikva
0%
JordanRusseifa
0%
IsraelRishon LeZion
0%
IraqAbu Ghraib
0%
IranKaraj
0%
JordanAl Quwaysimah
0%
KazakhstanAktobe
0%
KyrgyzstanOsh
0%
KuwaitAl Farwaniyah
0%
KuwaitSubah Alsalim
0%
KuwaitAl Ahmadi
0%
IndonesiaBekasi
0%
East TimorAileu
0%
BhutanGelephu
0%
BhutanSamdrup Jongkhar
0%
BangladeshNarayanganj
0%
AzerbaijanMingachevir
0%
ArmeniaAbovyan
0%
BruneiTutong
0%
BruneiKapok
0%
East TimorSame
0%
Cyprus Strovolos
0%
CambodiaSerei Saophoan
0%
CambodiaTa Khmau
0%
KyrgyzstanKarakol
0%
KyrgyzstanTokmok
0%
North KoreaChongjin
0%
OmanSeeb
0%
NepalBirgunj
0%
NepalBharatpur
0%
NepalLalitpur
0%
OmanBawshar
0%
OmanSohar
0%
Sri LankaDehiwala-Mount Lavinia
0%
Saudi ArabiaHofuf
0%
QatarUmm Salal Muhammad
0%
PhilippinesCaloocan
0%
MyanmarHpa-An
0%
MyanmarBago
0%
LebanonZahlé
0%
LaosXam Neua
0%
LaosSavannakhet
0%
LaosPakxe
0%
MalaysiaPetaling Jaya
0%
MalaysiaShah Alam
0%
MongoliaChoibalsan
0%
MaldivesTinadhoo
0%
MaldivesKulhudhuffushi
0%
MaldivesAddu City
0%
Sri LankaMoratuwa
0%

Score Distribution

Percentile by Number Answered

Percent of People with Each Score

Your Score History

You have not taken this quiz